Stereophonics Lyrics - Dakota - Statistics

General Stats
  • This quiz has been taken 55 times
  • The average score is 222 of 329
Answer Stats
Lyrics % Correct
you
97%
You
97%
you?
97%
I
93%
then
93%
a
90%
it
90%
think
86%
was
86%
of
83%
the
83%
The
83%
Thinkin'
83%
thinkin'
83%
June
79%
me
79%
back,
76%
back
76%
on
76%
Summertime,
76%
Yeah,
76%
feel
72%
like
72%
in
69%
one
69%
So
69%
We
69%
we
69%
and
66%
don't
66%
look
66%
where
66%
go
62%
having
62%
know
62%
some
62%
to
62%
When
62%
about
59%
are
59%
going
59%
head
59%
laughs
59%
Laying
59%
made
59%
Made
59%
my
59%
now
59%
now,
59%
take
59%
why
59%
at
55%
grass
55%
for
52%
if
52%
never
52%
with
52%
car
48%
did
48%
far
48%
went
48%
What
45%
coffee
41%
Drinking
41%
drinking
41%
end
41%
juice
41%
new
41%
Sleeping
41%
Talk
41%
two
41%
we'll
41%
wonder
41%
again
38%
meet
38%
up
38%
happened
34%
need
34%
Didn't
31%
life
31%
Rememberin'
31%
Wake
31%
Chewing
28%
gum,
28%
call,
21%
since
21%
No matching quizzes found
Score Distribution
Percent of People with Each Score
Percentile by Number Answered
Your Score History
You have not taken this quiz